[Event "Enschede op-E U14"]
[Site "Enschede"]
[Date "2009.08.07"]
[Round "9"]
[White "Emmrich, Tarek"]
[Black "Bruggeman, Brian"]
[Result "1/2-1/2"]
[WhiteElo "800"]
[BlackElo "1099"]
[PlyCount "46"]
[EventDate "2009.08.03"]
[EventType "swiss"]
[EventRounds "9"]
[EventCountry "NED"]
[SourceTitle "CBM 132 Extra"]
[Source "ChessBase"]
[SourceDate "2009.11.03"]
[SourceVersion "1"]
[SourceVersionDate "2009.11.03"]
[SourceQuality "1"]

1. d4 d5 2. Nc3 Nf6 3. Nf3 Nc6 4. Bg5 Bd7 5. e3 e6 6. Bd3 Bb4 7. 0-0 Bxc3 8. bxc3 Qe7 9. e4 dxe4 10. Bxe4 0-0-0 11. Qc1 h6 12. Bxf6 Qxf6 13. Qb2 b6 14. Qb5 Kb7 15. Rfd1 Be8 16. Qa4 Rd6 17. Bd3 Nb8 18. Be4+ Kc8 19. Qc4 Bc6 20. d5 exd5 21. Bxd5 Bxd5 22. Rxd5 Rxd5 23. Qxd5 Qxc3 1/2-1/2